Nükleer Silaha Sahip Devletler - Statistics

General Stats
  • This quiz has been taken 31 times
  • The average score is 7 of 9
Answer Stats
Devlet % Correct
ABD
100%
Çin
93%
Rusya
90%
Hindistan
80%
İsrail
80%
Fransa
77%
Kuzey Kore
77%
Pakistan
77%
Birleşik Krallık
57%
No matching quizzes found
Score Distribution
Percent of People with Each Score
Percentile by Number Answered
Your Score History
You have not taken this quiz